| 000 | 00363nam a2200145Ia 4500 | ||
|---|---|---|---|
| 008 | 150201s2001 xx 000 0 und d | ||
| 082 |
_a617.6342 _bC2001K |
||
| 100 | _aKIM,SYNGIUK | ||
| 245 | _aCOLOR ATLAS OF MICROSURGERY IN ENDODONTICS | ||
| 250 | _a1ST | ||
| 260 |
_bSAUNDERS _aPHILADELPHIA _c2001 |
||
| 300 | _a1- | ||
| 650 | _aMICROBIOLOGY | ||
| 942 |
_2ddc _cBK |
||
| 999 |
_c3728 _d3728 |
||